01435cam a22003374a 4500999001700000001000900017003000400026005001700030008004100047010001700088020003500105020001800140035002300158040003500181043001200216050002400228082002200252245013700274250001200411260009300423300004800516504005100564610004500615650007100660650006300731700001800794856007700812906004500889942003600934952012700970 c27987d2798714163122OSt20170213104732.0051101s2006 waua b 001 0 eng  a 2005031049 a0295986034 (pbk. : alk. paper) a9780295986036 a(OCoLC)ocm62281399 aDLCcDLCdBAKERdC#PdIXAdDLC an-us-wa00aNX712.K74bL44 200600a700.79/79777222200aLegacy :bthe Kreielsheimer Foundation /cedited by Paul Dorpat ; preface by Donald L. Johnson ; essays by Paul Dorpat ... [et al.]. a1st ed. aSeattle :bKreielsheimer Remainder Foundation :bUniversity of Washington Press,cc2006. axviii, 190 p. :bill. (some col.) ;c27 cm. aIncludes bibliographical references and index.20aKreielsheimer FoundationxArt patronage. 0aArt patronagezWashington (State)zSeattlexHistoryy20th century. 0aArts, AmericanzWashington (State)zSeattley20th century.1 aDorpat, Paul.413Table of contentsuhttp://www.loc.gov/catdir/toc/ecip062/2005031049.html a7bcbccorignewd1eecipf20gy-gencatlg 2lcccBOOKShNX 712 .K74L44 2006 00102lcc4070aMUCbMUCcTECHd2017-02-13eDonation(B.F.A)l0oNX 712 .K74L44 2006p35823r2018-07-16w2017-02-13yBOOKS